000
00435nam a2200181Ia 4500
008
151018s9999 xx 000 0 und d
082
_b
RBASDV29234
_a
891.468
100
_a
शिरीष पै
245
_a
सय
250
_b
1
260
_b
दिलीप
_c
1996
300
_a
176
600
_a
शिरीष पै
630
_a
सय
700
_a
शिरीष पै
730
_a
सय
942
_c
BOOK
999
_c
1028799
_d
1028796